000 00658nam a22002057a 4500
005 20250402125249.0
010 _aENG-144415
020 _a9789335401067
_c1495.00p.
035 _aEN-127947
037 _bDBAD
082 _a657.48
_21st
100 _aDesai, Pushpa
_980108
245 _aFinancial accounting
_cPushpa Desai
_hEnglish
250 _a1st
260 _aNew Delhi
_c2024
_bRajat publications
270 _a4740/23 ,Ansari Road, Daryaganj , New Delhi India
_bNew Delhi
_e110002
_mrajat_publications@yahoo.com
_k9811484973, 9811105389
300 _axii, 264p
_c24(hb)
760 _b1
942 _2ddc
_cEN
_h657.48
_mDES
_e1st
999 _c210653
_d210653